Statistics for U.S. Cities Where You're Most Likely To Wreck

Click here to take the quiz!

General Stats

  • This quiz has been taken 21 times
  • The average score is 8 of 15

Answer Stats

%City% Correct
25.22Dallas
85%
25.75Boston
80%
29.06Seattle
80%
26.18Jacksonville
70%
26.61Portland
70%
24.28Milwaukee
60%
28.90Salt Lake City
60%
27.45Cincinnati
55%
28.42Des Moines
55%
24.86Buffalo
50%
28.05Boise
45%
24.77Indianapolis
45%
29.59Omaha
40%
28.53Norfolk
10%
33.62Greenville
5%

Score Distribution

Percentile by Number Answered

Percent of People with Each Score

Your Score History

You have not taken this quiz